Να έχεις ή να είσαι;
Αποθηκεύτηκε σε:
| Κύριος συγγραφέας: | |
|---|---|
| Άλλοι συγγραφείς: | |
| Μορφή: | Βιβλίο |
| Γλώσσα: | Greek English |
| Δημοσίευση: |
Αθήνα :
Μπουκουμάνης,
1978.
|
| Σειρά: | Κοινωνιολογία - Φιλοσοφία (Μπουκουμάνης)
; 36 |
| Θέματα: | |
| Ετικέτες: |
Προσθήκη ετικέτας
Δεν υπάρχουν, Καταχωρήστε ετικέτα πρώτοι!
|
MARC
| LEADER | 00000cam a2200000 i 4500 | ||
|---|---|---|---|
| 001 | 1/20629 | ||
| 008 | 960930s1978 gr | ||| |||| ||gre|| | ||
| 035 | |a 1986 |b 3 |c Τσιάκαλος |l 10036085 | ||
| 035 | |a 1998 |b 1 |c ΚΠΣ/Δημοτικής Εκπαίδευσης | ||
| 040 | |a GR-MyUA |b gre |e AACR2 | ||
| 041 | 1 | |a gre |h eng | |
| 082 | 7 | |a 150.1957 |2 (22) | |
| 100 | 1 | |a Fromm, Erich, |d 1900-1980. | |
| 245 | 1 | 0 | |a Να έχεις ή να είσαι; / |c Erich Fromm ; μετάφραση: Ελένη Τζελέπογλου. |
| 260 | |a Αθήνα : |b Μπουκουμάνης, |c 1978. | ||
| 300 | |a 263 σ. | ||
| 490 | 1 | |a (Κοινωνιολογία - Φιλοσοφία / Μπουκουμάνης ; |v 36) | |
| 500 | |a Τίτλος πρωτοτύπου: To have or to be? | ||
| 504 | |a Βιβλιογραφία: σ. 257-263. | ||
| 650 | 0 | 0 | |a Personality. |
| 650 | 0 | 0 | |a Ontology. |
| 700 | 1 | |a Τζελέπογλου, Ελένη, |e trlf | |
| 830 | 0 | |a Κοινωνιολογία - Φιλοσοφία (Μπουκουμάνης) |v ; 36 | |
| 852 | |a INST |b CHIOS |e 19970521 |h 150.1957 FRO |p 005200029423 |q 005200029423 |t BK |y 0 | ||
| 852 | |a INST |b LESVOS |e 19980529 |h 128 FRO |p 005100014724 |q 005100014724 |t BK |y 0 | ||
| 852 | |a INST |b RHODES |e 19960930 |h 128 FRO |p 005400009245 |q 005400009245 |t BK |y 0 | ||
| 852 | |a INST |b RHODES |e 19980326 |h 128 FRO |p 005400010909 |q 005400010909 |t BK |y 0 | ||
| 852 | |a INST |b RHODES |c KRI |e 20050829 |h 128 FRO |p 005400022566 |q 005400022566 |t BK |y 0 | ||
| 901 | |a BIBL-1998-2 | ||
| 901 | |a BIBL4-2005-2 | ||
| 909 | |a Ρ |b 003339 | ||
| 909 | |a Χ |b 015699 | ||
| 909 | |a Λ |b 054310 | ||
| 909 | |a Ρ |b 053210 | ||
| 909 | |a Ρ |b 122189 | ||
| 922 | |a 1ΕΛΗ |b 199802 |c ΚΠΣ/ΤΚ |d EMVASIS | ||
| 950 | |a 103-1998-02-03 | ||
| 970 | |a ΚΟΖΑ |b ΜΑΡΙΑ |z 2005/08/29 | ||